00980nam a2200277 a 450000100060000000300080000600500170001400800410003103500190007204000320009104100080012308200280013124500880015926000750024730000220032250400500034450500680039465000180046265000340048065000400051465000560055465000400061070000190065070000150066970000180068473010BD-RjUL20211209082334.0170527s1981 ii bi 001 0 eng d a(BD-RjUL)73228 aDLCcDLCdDLCdBD-RjULbeng aeng00223a579.50954bFUN 198110aFungi of India /cCompiled and edited by K.S.Bilgrami, Jamaluddin and M. A. Rizwi.  aNew Delhi :bToday & Tomorrow's Printers and Publishers, cc1979, 1981 a2 parts ;c28 cm. aIncludes bibliographical references and index aPart 1. List and references -- pt. 2. Host index and addenda -- 0aFungizIndia. 0aPhytopathogenic fungizIndia. 0aFungizIndiaxPeriodicalsxIndexes. 0aPhytopathogenic fungizIndiaxPeriodicalsxIndexes. 0aPhytopathogenic fungixHost plants.1 aBilgrami, K.S.1 aJamaluddin1 a Rizwi, M. A.